[Event "DVM U20 2009"]
[Site "Chemnitz GER"]
[Date "2009.12.28"]
[Round "3"]
[White "Carlstedt, Jonathan"]
[Black "Nuber, Blasius"]
[Result "1/2-1/2"]
[Termination "normal"]
[Board "1.2"]
[WhiteElo "2339"]
[BlackElo "2177"]
[WhiteTeam "Hamburger SK von 1830 eV"]
[BlackTeam "SC Dillingen"]
[PlyCount "150"]
[WhiteFideId "24614386"]
[BlackFideId "24620289"]
[EventCountry "GER"]
[EventRounds "7"]
[EventType "team-swiss"]
[EventDate "2009.12.26"]

1. c4 e6 2. g3 d5 3. Bg2 Nf6 4. Nf3 Be7 5. O-O dxc4 6. Qa4+ Nbd7 7. Qxc4 c5 8.
Qc2 O-O 9. Nc3 Nd5 10. d4 Nb4 11. Qb1 Bf6 12. Rd1 c4 13. Ne4 Be7 14. Neg5 Nf6
15. Ne5 h6 16. Ngf3 Qc7 17. Bf4 Nbd5 18. Rc1 b5 19. a4 Nxf4 20. gxf4 Bb7 21.
axb5 Qb6 22. Nxc4 Qxb5 23. Qd3 Be4 24. Qe3 Rfc8 25. b3 Qb7 26. h3 Rab8 27. Ncd2
Rxc1+ 28. Rxc1 Bd5 29. Ne1 Bb4 30. Rb1 Qc6 31. Qd3 Qc3 32. Nc4 Rc8 33. Qxc3
Bxc3 34. Bxd5 exd5 35. Nd6 Rb8 36. Nc2 g6 37. b4 Kf8 38. Rb3 Bd2 39. e3 a5 40.
b5 Ke7 41. e4 Kxd6 42. e5+ Kd7 43. exf6 Bxf4 44. h4 h5 45. Kg2 a4 46. Ra3 Ra8
47. b6 Bd6 48. Rc3 Rb8 49. Ne3 Rxb6 50. Nxd5 Rb7 51. Rc4 a3 52. Ra4 Rb3 53. Ne3
Kc6 54. Ra7 Rb7 55. Ra5 Bb4 56. d5+ Kd7 57. Ra6 Bc5 58. Nc4 Ra7 59. Rxa7+ Bxa7
60. Nxa3 Bd4 61. Nc4 Bxf6 62. Kg3 Ke7 63. f3 Bd4 64. Kf4 Kf6 65. Nd2 Be5+ 66.
Ke3 Kf5 67. Ne4 Bc7 68. Kd4 Bb6+ 69. Kc4 Bd8 70. Nd6+ Kf4 71. Nxf7 Bxh4 72. Nh8
Kf5 73. Nxg6 Kxg6 74. Kd3 Bg3 75. Ke2 h4 1/2-1/2

[Event "DVM U20 2009"]
[Site "Chemnitz GER"]
[Date "2009.12.28"]
[Round "3"]
[White "Giss, Arthur"]
[Black "Bracker, Frank"]
[Result "1-0"]
[Termination "normal"]
[Board "1.3"]
[WhiteElo "2027"]
[BlackElo "2270"]
[WhiteTeam "SC Dillingen"]
[BlackTeam "Hamburger SK von 1830 eV"]
[PlyCount "95"]
[WhiteFideId "24667560"]
[BlackFideId "24614343"]
[EventCountry "GER"]
[EventRounds "7"]
[EventType "team-swiss"]
[EventDate "2009.12.26"]

1. e4 c5 2. Nc3 d6 3. g3 g6 4. Bg2 Bg7 5. d3 Nc6 6. Nf3 e5 7. O-O Nge7 8. h3
O-O 9. Kh2 Nd4 10. Nh4 Be6 11. f4 exf4 12. Bxf4 Nec6 13. Nf3 Rc8 14. a3 Nxf3+
15. Bxf3 Be5 16. Bxe5 dxe5 17. Nd5 Bxd5 18. exd5 Nd4 19. c3 Nb5 20. Qe2 Qe8 21.
Rae1 f6 22. Bg4 Rc7 23. Be6+ Kg7 24. g4 h6 25. h4 g5 26. hxg5 hxg5 27. Kg2 Nd6
28. Qf3 Qg6 29. Rxe5 c4 30. d4 Qh6 31. Ree1 Qg6 32. Qg3 Rd8 33. Bf5 Qf7 34. Be6
Qg6 35. Re2 Qd3 36. Qxd3 cxd3 37. Rd2 Nc4 38. Rxd3 Nxb2 39. Rh3 Rh8 40. Rxh8
Kxh8 41. Rxf6 Nc4 42. Kf2 Kg7 43. Rf5 Kg6 44. Rf8 Nd6 45. Rd8 Ne4+ 46. Ke3 Nxc3
47. d6 Rc6 48. d5 1-0

[Event "DVM U20 2009"]
[Site "Chemnitz GER"]
[Date "2009.12.28"]
[Round "3"]
[White "Bracker, Arne"]
[Black "Darr, Thomas"]
[Result "0-1"]
[Termination "normal"]
[Board "1.4"]
[WhiteElo "2219"]
[BlackElo "1987"]
[WhiteTeam "Hamburger SK von 1830 eV"]
[BlackTeam "SC Dillingen"]
[PlyCount "138"]
[WhiteFideId "24618160"]
[BlackFideId "24647403"]
[EventCountry "GER"]
[EventRounds "7"]
[EventType "team-swiss"]
[EventDate "2009.12.26"]

1. d4 g6 2. Nf3 Bg7 3. c4 d6 4. Nc3 e5 5. g3 Nc6 6. d5 Nce7 7. Bg2 f5 8. e4 Nf6
9. Ng5 O-O 10. O-O fxe4 11. Ncxe4 Nxe4 12. Nxe4 Bf5 13. Bg5 Bxe4 14. Bxe7 Qxe7
15. Bxe4 Bh6 16. b4 a5 17. a3 b6 18. Qc2 Ra7 19. c5 dxc5 20. bxc5 Qxc5 21. Qxc5
bxc5 22. Rfd1 Ra6 23. Ra2 Rb8 24. Rc2 Bf8 25. Kf1 Bd6 26. Bd3 Rab6 27. a4 Rb1
28. Ke2 Rxd1 29. Kxd1 Rb4 30. Rc4 Kf7 31. Rxb4 cxb4 32. Bc4 e4 33. Ke2 Kf6 34.
f4 Kf5 35. Bb5 b3 36. Bc4 b2 37. Ba2 Bc5 38. h3 h5 39. Bb1 h4 40. gxh4 Kxf4 41.
Kd2 Bd4 42. Ke2 Bf6 43. Bc2 Bxh4 44. Bb1 Ke5 45. Kd2 Kxd5 46. Kc3 Bf6+ 47. Kd2
Kd4 48. Ke2 c5 49. Kd2 c4 50. Ke2 c3 51. Bc2 Bg5 52. Bb1 Bd2 53. Bc2 g5 54. Bb1
Kc4 55. Bxe4 Kb3 56. Kd1 Kxa4 57. Kc2 Kb4 58. Kb1 Kc5 59. Bc2 Kd4 60. Ba4 Ke3
61. Bc2 Kf4 62. Bb3 Kg3 63. Be6 a4 64. Bd7 a3 65. Bf5 Be3 66. Ka2 c2 67. Bxc2
Kxh3 68. Kxa3 Bc1 69. Ka2 g4 0-1

[Event "DVM U20 2009"]
[Site "Chemnitz GER"]
[Date "2009.12.28"]
[Round "3"]
[White "Nuber, Helene"]
[Black "Colpe, Malte"]
[Result "0-1"]
[Termination "normal"]
[Board "1.5"]
[WhiteElo "2073"]
[BlackElo "2160"]
[WhiteTeam "SC Dillingen"]
[BlackTeam "Hamburger SK von 1830 eV"]
[PlyCount "74"]
[WhiteFideId "24613045"]
[BlackFideId "24623075"]
[EventCountry "GER"]
[EventRounds "7"]
[EventType "team-swiss"]
[EventDate "2009.12.26"]

1. e4 c5 2. Nc3 a6 3. g3 b5 4. Bg2 Bb7 5. f4 e6 6. d3 d6 7. Nf3 Nf6 8. O-O Be7
9. Qe2 Nc6 10. Nd1 Qb6 11. Nf2 Nd4 12. Nxd4 cxd4 13. c3 dxc3 14. bxc3 Rc8 15.
Bd2 Nd7 16. d4 O-O 17. g4 e5 18. Qd3 Rc4 19. Be3 Qc7 20. Rfc1 Nb6 21. Nd1 Na4
22. Bd2 Qb6 23. Ne3 Rc7 24. Nd1 Rfc8 25. Be3 Qc6 26. f5 h6 27. Bd2 Bf6 28. Ne3
Qb6 29. d5 Bg5 30. Kf2 Nb2 31. Qe2 Nc4 32. a4 b4 33. cxb4 Qd4 34. Ra2 Nxe3 35.
Rxc7 Nxd5+ 36. Kg3 Nxc7 37. Be1 Ne8 0-1

[Event "DVM U20 2009"]
[Site "Chemnitz GER"]
[Date "2009.12.28"]
[Round "3"]
[White "Lampert, Jonas"]
[Black "Schwarz, Andreas"]
[Result "1-0"]
[Termination "normal"]
[Board "1.6"]
[WhiteElo "2111"]
[BlackElo "1925"]
[WhiteTeam "Hamburger SK von 1830 eV"]
[BlackTeam "SC Dillingen"]
[PlyCount "79"]
[WhiteFideId "1303759"]
[BlackFideId "24631795"]
[EventCountry "GER"]
[EventRounds "7"]
[EventType "team-swiss"]
[EventDate "2009.12.26"]

1. e4 e6 2. d4 d5 3. Nc3 Nf6 4. e5 Nfd7 5. f4 c5 6. Nf3 Nc6 7. Be3 cxd4 8. Nxd4
Bc5 9. Qd2 a6 10. O-O-O O-O 11. Qf2 Bxd4 12. Bxd4 Nxd4 13. Qxd4 f6 14. Nxd5
fxe5 15. fxe5 Qg5+ 16. Qe3 Qxe3+ 17. Nxe3 Nxe5 18. Nc4 Nxc4 19. Bxc4 b5 20. Bb3
Kf7 21. Rd2 Ke7 22. Re1 Ra7 23. Rde2 Rf6 24. Re5 Rc7 25. Bd5 Kd6 26. Bf3 Bb7
27. Bxb7 Rxb7 28. R1e2 Rc7 29. R5e3 Rc5 30. Ra3 Rc6 31. Kd2 Rf5 32. Rh3 h6 33.
Rg3 Rc7 34. Rge3 e5 35. Ra3 Rc6 36. Rg3 g5 37. Rge3 Kd5 38. g4 Rf4 39. Rxe5+
Kc4 40. c3 1-0

[Event "DVM U20 2009"]
[Site "Chemnitz GER"]
[Date "2009.12.28"]
[Round "3"]
[White "Schneider, David"]
[Black "Pilat, Daniel"]
[Result "1/2-1/2"]
[Termination "normal"]
[Board "2.2"]
[WhiteElo "2273"]
[BlackElo "2174"]
[WhiteTeam "FSV Großenseebach"]
[BlackTeam "Schachgesellschaft Bochum 1931"]
[PlyCount "39"]
[WhiteFideId "4697111"]
[BlackFideId "24602116"]
[EventCountry "GER"]
[EventRounds "7"]
[EventType "team-swiss"]
[EventDate "2009.12.26"]

1. e4 c5 2. Nf3 e6 3. d4 cxd4 4. Nxd4 a6 5. Bd3 d5 6. exd5 Qxd5 7. O-O Nd7 8.
Be3 Ngf6 9. Nc3 Qd6 10. a4 Qc7 11. Bg5 Bd6 12. h3 Qc5 13. Be3 Qc7 14. Be2 Bf4
15. Bxf4 Qxf4 16. Re1 O-O 17. Bf1 b6 18. Nce2 Qc7 19. Ra3 Nd5 20. Nc3 1/2-1/2

[Event "DVM U20 2009"]
[Site "Chemnitz GER"]
[Date "2009.12.28"]
[Round "3"]
[White "Werthebach, Felix"]
[Black "Linsenmeyer, Mario"]
[Result "0-1"]
[Termination "normal"]
[Board "2.3"]
[WhiteElo "2167"]
[BlackElo "2097"]
[WhiteTeam "Schachgesellschaft Bochum 1931"]
[BlackTeam "FSV Großenseebach"]
[PlyCount "102"]
[WhiteFideId "24609684"]
[BlackFideId "24635138"]
[EventCountry "GER"]
[EventRounds "7"]
[EventType "team-swiss"]
[EventDate "2009.12.26"]

1. c4 Nf6 2. g3 e6 3. Bg2 d5 4. Nf3 dxc4 5. O-O Nbd7 6. Qa4 c6 7. Qxc4 Bd6 8.
d4 e5 9. Nc3 Qe7 10. e4 O-O 11. h3 a5 12. Re1 Bb4 13. a3 exd4 14. Nxd4 Ne5 15.
Qe2 Bxc3 16. bxc3 Qc5 17. f4 Nc4 18. a4 Re8 19. Kh2 b5 20. Qd3 Ba6 21. e5 Rad8
22. Qf5 Bc8 23. Qb1 Nd5 24. Qc2 b4 25. Nb3 Nce3 26. Bxe3 Nxe3 27. Qe2 Qxc3 28.
Qxe3 Rd3 29. Qc5 Qxb3 30. Qxc6 Bd7 31. Qc7 Rc8 32. Qxa5 Rxg3 33. Qd5 Rxh3+ 34.
Kg1 Qxd5 35. Bxd5 Ra3 36. a5 Rc5 37. Rxa3 bxa3 38. Rd1 Rxa5 39. Ba2 Ra7 40. f5
Kf8 41. e6 Be8 42. Rd3 Ke7 43. Kf2 Ra5 44. Kg3 Rxf5 45. exf7 Bxf7 46. Rxa3 Bxa2
47. Rxa2 Kf6 48. Ra6+ Kg5 49. Ra7 Kg6 50. Ra6+ Rf6 51. Ra5 Rb6 0-1

[Event "DVM U20 2009"]
[Site "Chemnitz GER"]
[Date "2009.12.28"]
[Round "3"]
[White "Quaschner, Tobias"]
[Black "Mazarov, Jürgen"]
[Result "1/2-1/2"]
[Termination "normal"]
[Board "2.4"]
[WhiteElo "1962"]
[BlackElo "2185"]
[WhiteTeam "FSV Großenseebach"]
[BlackTeam "Schachgesellschaft Bochum 1931"]
[PlyCount "84"]
[WhiteFideId "24646989"]
[BlackFideId "24617768"]
[EventCountry "GER"]
[EventRounds "7"]
[EventType "team-swiss"]
[EventDate "2009.12.26"]

1. e4 c5 2. Nf3 d6 3. d4 cxd4 4. Nxd4 Nf6 5. Nc3 a6 6. Be3 e6 7. f3 b5 8. g4
Nfd7 9. Qd2 Nb6 10. O-O-O N8d7 11. Qf2 Bb7 12. Bd3 Rc8 13. Nce2 Qc7 14. Kb1 d5
15. e5 Nc4 16. f4 Nc5 17. Rhf1 Nxe3 18. Qxe3 Nxd3 19. cxd3 Bc5 20. Qg3 Qb6 21.
Nb3 d4 22. Qf2 O-O 23. Nxc5 Rxc5 24. Nxd4 Rd5 25. Nb3 Qxf2 26. Rxf2 f6 27. exf6
gxf6 28. d4 Rfd8 29. Rfd2 Bc8 30. h3 Kf7 31. Kc2 h5 32. Rg1 Rg8 33. Rgg2 Bb7
34. Nc5 Ba8 35. b4 Rd6 36. Rg3 hxg4 37. hxg4 Rh8 38. g5 Kg6 39. gxf6+ Kxf6 40.
Ra3 Rh4 41. Rxa6 Rxa6 42. Nxa6 Rxf4 1/2-1/2

[Event "DVM U20 2009"]
[Site "Chemnitz GER"]
[Date "2009.12.28"]
[Round "3"]
[White "Hobusch, Alexander"]
[Black "Kirch, Daniel"]
[Result "1-0"]
[Termination "normal"]
[Board "2.5"]
[WhiteElo "2128"]
[BlackElo "2050"]
[WhiteTeam "Schachgesellschaft Bochum 1931"]
[BlackTeam "FSV Großenseebach"]
[PlyCount "41"]
[WhiteFideId "24611387"]
[BlackFideId "24605786"]
[EventCountry "GER"]
[EventRounds "7"]
[EventType "team-swiss"]
[EventDate "2009.12.26"]

1. d4 Nf6 2. Nf3 e6 3. e3 c5 4. Bd3 Nc6 5. O-O d5 6. b3 Be7 7. Bb2 O-O 8. Nbd2
Qc7 9. a3 b6 10. Ne5 Bb7 11. f4 Ne8 12. Qf3 Nb8 13. Qh3 g6 14. dxc5 Bxc5 15.
Bxg6 fxg6 16. Qxe6+ Kg7 17. Nxg6+ Rf6 18. Nh4 Nd7 19. Rf3 d4 20. Rg3+ Rg6 21.
Nxg6 1-0

[Event "DVM U20 2009"]
[Site "Chemnitz GER"]
[Date "2009.12.28"]
[Round "3"]
[White "Kirch, Florian"]
[Black "Kelbling, Philipp"]
[Result "1/2-1/2"]
[Termination "normal"]
[Board "2.6"]
[WhiteElo "1989"]
[BlackElo "2116"]
[WhiteTeam "FSV Großenseebach"]
[BlackTeam "Schachgesellschaft Bochum 1931"]
[PlyCount "87"]
[WhiteFideId "24605794"]
[BlackFideId "24669750"]
[EventCountry "GER"]
[EventRounds "7"]
[EventType "team-swiss"]
[EventDate "2009.12.26"]

1. d4 Nf6 2. Nf3 e6 3. c4 b6 4. e3 Bb7 5. Bd3 d5 6. O-O Bd6 7. Nc3 O-O 8. cxd5
exd5 9. Bd2 a6 10. Rc1 Re8 11. Ne2 Ne4 12. Qa4 Qe7 13. Rfd1 Nd7 14. Bb1 Rac8
15. Qb3 g6 16. Nf4 Bxf4 17. exf4 Nxd2 18. Rxd2 c5 19. h3 Qd6 20. Rdd1 c4 21.
Qc3 Qxf4 22. Re1 Qf6 23. Re3 Rxe3 24. Qxe3 b5 25. h4 Nf8 26. g3 b4 27. Ne5 Rd8
28. Re1 Bc8 29. Qd2 a5 30. Re3 Qd6 31. Bc2 Nd7 32. Nf3 Nb6 33. Qe1 Kg7 34. Ng5
h6 35. Nf3 a4 36. Ne5 b3 37. axb3 axb3 38. Bb1 Nd7 39. f4 Nxe5 40. fxe5 Qb6 41.
Qd2 Be6 42. Rf3 Ra8 43. Rf1 Ra1 44. Qc3 1/2-1/2

[Event "DVM U20 2009"]
[Site "Chemnitz GER"]
[Date "2009.12.28"]
[Round "3"]
[White "Kulke, Tobias"]
[Black "Zelbel, Patrick"]
[Result "0-1"]
[Termination "normal"]
[Board "3.1"]
[BlackTitle "FM"]
[WhiteElo "2144"]
[BlackElo "2346"]
[WhiteTeam "USG Chemnitz"]
[BlackTeam "Schachfreunde Brackel 1930 e.V."]
[PlyCount "102"]
[WhiteFideId "24607703"]
[BlackFideId "24624322"]
[EventCountry "GER"]
[EventRounds "7"]
[EventType "team-swiss"]
[EventDate "2009.12.26"]

1. e4 c5 2. Nf3 Nc6 3. d4 cxd4 4. Nxd4 e5 5. Nb5 d6 6. N1c3 a6 7. Na3 Be6 8.
Nd5 Nf6 9. Bg5 Bxd5 10. Qxd5 Nxd5 11. Bxd8 Nc3 12. bxc3 Rxd8 13. Nc4 d5 14.
exd5 Rxd5 15. Ne3 Rd7 16. Bd3 g6 17. g4 h5 18. g5 h4 19. Rg1 Be7 20. Rb1 Rh5
21. Rb6 Bd8 22. Rb1 Rxg5 23. Rxg5 Bxg5 24. Be4 Nd8 25. c4 f5 26. Bd5 e4 27. Rb6
Rg7 28. c5 Bf4 29. h3 Bc7 30. Rb1 Ba5+ 31. Ke2 Rc7 32. Rg1 Rxc5 33. c4 b5 34.
Rxg6 bxc4 35. Bxc4 f4 36. Bxa6 Rc1 37. Ng2 f3+ 38. Ke3 fxg2 39. Rxg2 Ne6 40.
Bb5+ Ke7 41. Rg4 Bb6+ 42. Kd2 Rc5 43. a4 Ng5 44. Be2 Rd5+ 45. Kc1 Rf5 46. Rg2
Nf3 47. Kd1 Kf6 48. Rg4 Ke5 49. Bxf3 exf3 50. Rxh4 Bxf2 51. Rg4 Bh4 0-1

[Event "DVM U20 2009"]
[Site "Chemnitz GER"]
[Date "2009.12.28"]
[Round "3"]
[White "Strathoff, Jens"]
[Black "Eidner, Falk"]
[Result "0-1"]
[Termination "normal"]
[Board "3.2"]
[WhiteElo "2075"]
[BlackElo "1983"]
[WhiteTeam "Schachfreunde Brackel 1930 e.V."]
[BlackTeam "USG Chemnitz"]
[PlyCount "122"]
[WhiteFideId "4699084"]
[BlackFideId "24634557"]
[EventCountry "GER"]
[EventRounds "7"]
[EventType "team-swiss"]
[EventDate "2009.12.26"]

1. e4 e5 2. Nf3 Nc6 3. Bc4 Bc5 4. c3 Nf6 5. d4 exd4 6. O-O Nxe4 7. cxd4 d5 8.
dxc5 dxc4 9. Qe2 Qd3 10. Re1 f5 11. Nc3 O-O 12. Nxe4 fxe4 13. Qxe4 Bf5 14. Qh4
Rae8 15. Bf4 Nd4 16. Nxd4 Qxd4 17. Qg3 Bg6 18. Bxc7 Qxb2 19. Be5 Qc2 20. f4 Rd8
21. Qf3 Rf7 22. Rec1 Qa4 23. Qc3 Bd3 24. Re1 Rfd7 25. Bd6 b6 26. Qe5 h6 27. Bc7
Rf8 28. Qe6+ Kh8 29. Be5 bxc5 30. Qxh6+ Kg8 31. Qe6+ Kh8 32. Bd6 Rfd8 33. Be7
Rb8 34. Bxc5 c3 35. Qh3+ Kg8 36. Qe6+ Kh8 37. Rac1 c2 38. Qe5 Rdb7 39. Qh5+ Bh7
40. Bd6 Qd4+ 41. Kh1 Qxd6 42. Rxc2 Rb1 43. Rce2 Rxe1+ 44. Rxe1 Qxf4 45. h3 Qf5
46. Re8+ Rxe8 47. Qxe8+ Bg8 48. Qa4 Qb1+ 49. Kh2 Qxa2 50. Qh4+ Bh7 51. Qd8+ Qg8
52. Qc7 a6 53. g4 Qa2+ 54. Kg3 Qa3+ 55. Kh4 Qf8 56. g5 Bg6 57. Kg3 Qa3+ 58. Kh4
Qb4+ 59. Kg3 Qe1+ 60. Kg4 Qg1+ 61. Kh4 Qf2+ 0-1

[Event "DVM U20 2009"]
[Site "Chemnitz GER"]
[Date "2009.12.28"]
[Round "3"]
[White "Oltmanns, Ingmar"]
[Black "Kartsev, Alexandr"]
[Result "0-1"]
[Termination "normal"]
[Board "3.3"]
[WhiteElo "1944"]
[BlackElo "2056"]
[WhiteTeam "USG Chemnitz"]
[BlackTeam "Schachfreunde Brackel 1930 e.V."]
[PlyCount "72"]
[WhiteFideId "4613910"]
[BlackFideId "24647110"]
[EventCountry "GER"]
[EventRounds "7"]
[EventType "team-swiss"]
[EventDate "2009.12.26"]

1. d4 f5 2. c4 Nf6 3. Nc3 d6 4. Nf3 g6 5. b3 Bg7 6. Bb2 O-O 7. e3 c6 8. Bd3 Qc7
9. O-O e5 10. dxe5 dxe5 11. e4 Rd8 12. Qc2 Na6 13. c5 Nxc5 14. Bc4+ Be6 15.
Bxe6+ Nxe6 16. exf5 gxf5 17. Qxf5 Nd4 18. Qd3 b5 19. Ne4 Nd5 20. Nxd4 exd4 21.
Ng5 Be5 22. Ne6 Nf4 23. Qg3+ Kh8 24. Nxf4 Bxf4 25. Qh4 c5 26. Rad1 Rg8 27. b4
Qc6 28. Qh3 Rxg2+ 29. Qxg2 Rg8 30. Qxg8+ Kxg8 31. bxc5 Qg6+ 32. Kh1 Qe4+ 33.
Kg1 Qg6+ 34. Kh1 Qh5 35. Kg2 Qg4+ 36. Kh1 Qf3+ 0-1

[Event "DVM U20 2009"]
[Site "Chemnitz GER"]
[Date "2009.12.28"]
[Round "3"]
[White "Strathoff, Martin"]
[Black "Rosenblatt, Marcus"]
[Result "1/2-1/2"]
[Termination "normal"]
[Board "3.4"]
[WhiteElo "2047"]
[BlackElo "1959"]
[WhiteTeam "Schachfreunde Brackel 1930 e.V."]
[BlackTeam "USG Chemnitz"]
[PlyCount "71"]
[WhiteFideId "24609560"]
[BlackFideId "24627453"]
[EventCountry "GER"]
[EventRounds "7"]
[EventType "team-swiss"]
[EventDate "2009.12.26"]

1. d4 Nf6 2. c4 g6 3. Nc3 Bg7 4. e4 d6 5. f4 O-O 6. Nf3 c5 7. d5 b5 8. cxb5 Qa5
9. Bd3 Nxd5 10. exd5 Bxc3+ 11. bxc3 Qxc3+ 12. Qd2 Qxa1 13. O-O Qg7 14. f5 Nd7
15. fxg6 fxg6 16. h4 a6 17. h5 Ne5 18. Bb2 axb5 19. h6 Qh8 20. Bxe5 dxe5 21. d6
Qf6 22. Ng5 Bf5 23. g4 Ra4 24. gxf5 Rg4+ 25. Kh1 Rxg5 26. fxg6 Rh5+ 27. Kg1
Qg5+ 28. Qxg5 Rxg5+ 29. Kh2 Rxf1 30. dxe7 Rf2+ 31. Kh3 hxg6 32. e8=Q+ Kh7 33.
Bxb5 Rf3+ 34. Kh2 Rf2+ 35. Kh3 Rf3+ 36. Kh2 1/2-1/2

[Event "DVM U20 2009"]
[Site "Chemnitz GER"]
[Date "2009.12.28"]
[Round "3"]
[White "Oertel, Thomas"]
[Black "Zemella, Christian"]
[Result "1/2-1/2"]
[Termination "normal"]
[Board "3.5"]
[WhiteElo "2046"]
[BlackElo "2081"]
[WhiteTeam "USG Chemnitz"]
[BlackTeam "Schachfreunde Brackel 1930 e.V."]
[PlyCount "65"]
[WhiteFideId "4613902"]
[BlackFideId "24620580"]
[EventCountry "GER"]
[EventRounds "7"]
[EventType "team-swiss"]
[EventDate "2009.12.26"]

1. e4 c5 2. Nf3 d6 3. d4 cxd4 4. Nxd4 Nf6 5. Nc3 a6 6. Be2 e5 7. Nb3 Be7 8. O-O
Be6 9. f4 Qc7 10. Be3 b5 11. Nd5 Nxd5 12. exd5 Bf5 13. c4 Be4 14. Rc1 Qb7 15.
Nd2 exf4 16. Bxf4 Bg6 17. Qb3 O-O 18. cxb5 axb5 19. Qxb5 Qxb5 20. Bxb5 Rxa2 21.
Nc4 Rd8 22. Rfe1 Bh4 23. g3 Bf6 24. Ra1 Bd4+ 25. Kg2 Rxa1 26. Rxa1 Be4+ 27. Kf1
Bxd5 28. Nxd6 g5 29. Nf5 Bxb2 30. Bxg5 f6 31. Rb1 fxg5 32. Rxb2 Rf8 33. Rf2
1/2-1/2

[Event "DVM U20 2009"]
[Site "Chemnitz GER"]
[Date "2009.12.28"]
[Round "3"]
[White "Haidar, Marcel"]
[Black "Kabitzke, Julian"]
[Result "1-0"]
[Termination "normal"]
[Board "3.6"]
[WhiteElo "1828"]
[BlackElo "1832"]
[WhiteTeam "Schachfreunde Brackel 1930 e.V."]
[BlackTeam "USG Chemnitz"]
[PlyCount "51"]
[BlackFideId "24669547"]
[EventCountry "GER"]
[EventRounds "7"]
[EventType "team-swiss"]
[EventDate "2009.12.26"]

1. e4 c5 2. c3 Nf6 3. e5 Nd5 4. d4 cxd4 5. Qxd4 e6 6. Nf3 Nc6 7. Qe4 d6 8. Bb5
Bd7 9. c4 Nc7 10. exd6 Bxd6 11. Ba4 O-O 12. O-O Ne8 13. Nc3 Nf6 14. Qe2 a6 15.
Bg5 Qc7 16. Rfd1 Rad8 17. Bc2 Ne5 18. Rxd6 Nxf3+ 19. Qxf3 Qxd6 20. Bxf6 gxf6
21. Qxf6 Qd2 22. Bxh7+ Kxh7 23. Ne4 Bc6 24. Nxd2 Rxd2 25. Qh4+ Kg6 26. Qg4+ 1-0

[Event "DVM U20 2009"]
[Site "Chemnitz GER"]
[Date "2009.12.28"]
[Round "3"]
[White "Brüggemann, Florian"]
[Black "Högy, Kevin"]
[Result "1/2-1/2"]
[Termination "normal"]
[Board "4.1"]
[WhiteElo "2030"]
[BlackElo "2145"]
[WhiteTeam "SG Aufbau Elbe Magdeburg"]
[BlackTeam "Sfr.Neuberg"]
[PlyCount "125"]
[WhiteFideId "24645567"]
[BlackFideId "24647098"]
[EventCountry "GER"]
[EventRounds "7"]
[EventType "team-swiss"]
[EventDate "2009.12.26"]

1. e4 e5 2. Nf3 Nc6 3. Bc4 Be7 4. O-O Nf6 5. Re1 O-O 6. Bb3 Re8 7. c3 Bf8 8. d4
h6 9. a3 d6 10. d5 Ne7 11. Nfd2 Ng6 12. Ba4 Bd7 13. Bxd7 Qxd7 14. Nf1 Be7 15.
Ng3 Nh7 16. Nf5 Bg5 17. Bxg5 hxg5 18. Qg4 Qd8 19. Nd2 Ngf8 20. c4 g6 21. Ne3
Nd7 22. b4 Qe7 23. Qe2 Kg7 24. Nb3 Nhf6 25. f3 Rh8 26. g4 Rh3 27. Na5 Rah8 28.
Nxb7 Ne8 29. Rf1 Qf6 30. Rf2 Qf4 31. Nf1 f5 32. Nd8 Nf8 33. Re1 Nf6 34. exf5
gxf5 35. Ne3 fxg4 36. fxg4 Qg3+ 37. Rg2 Qf3 38. Qxf3 Rxf3 39. Nc6 Rhh3 40. Nf5+
Kf7 41. Nxa7 Rf4 42. Ne3 Ng6 43. Rg3 Rh7 44. Nb5 Ke8 45. c5 dxc5 46. bxc5 Ne4
47. Ng2 Nxg3 48. Nxf4 gxf4 49. hxg3 fxg3 50. g5 Kd8 51. Kg2 Rh5 52. Kxg3 Rxg5+
53. Kf3 Rf5+ 54. Ke4 Rf4+ 55. Ke3 Rc4 56. d6 cxd6 57. Nxd6 Ra4 58. Rd1 Kc7 59.
Rb1 Kc6 60. Nb7 Nf4 61. Rb3 Nd5+ 62. Kd2 Ra7 63. Nd8+ 1/2-1/2

[Event "DVM U20 2009"]
[Site "Chemnitz GER"]
[Date "2009.12.28"]
[Round "3"]
[White "Knickel, Aaron"]
[Black "Paul, Johannes"]
[Result "1/2-1/2"]
[Termination "normal"]
[Board "4.2"]
[WhiteElo "2111"]
[BlackElo "2142"]
[WhiteTeam "Sfr.Neuberg"]
[BlackTeam "SG Aufbau Elbe Magdeburg"]
[PlyCount "116"]
[WhiteFideId "24605298"]
[BlackFideId "24622087"]
[EventCountry "GER"]
[EventRounds "7"]
[EventType "team-swiss"]
[EventDate "2009.12.26"]

1. g3 g6 2. Bg2 Bg7 3. e4 c5 4. d3 Nc6 5. f4 e6 6. Nf3 Nge7 7. O-O O-O 8. c3
Rb8 9. Be3 b6 10. d4 d5 11. e5 Nf5 12. Bf2 cxd4 13. cxd4 Qd7 14. g4 Nfe7 15.
Be3 a5 16. Nh4 f5 17. exf6 Bxf6 18. Nf3 Ba6 19. Rf2 Rbc8 20. Nc3 Nb4 21. Ne5
Bxe5 22. fxe5 Rxf2 23. Bxf2 Nd3 24. Qd2 Nxf2 25. Qxf2 Nc6 26. Qd2 Rf8 27. Rd1
Qd8 28. a3 b5 29. Rc1 Qb6 30. Nxd5 Qxd4+ 31. Qxd4 Nxd4 32. Ne7+ Kg7 33. Rd1
Ne2+ 34. Kh1 Rf2 35. Rf1 Rxf1+ 36. Bxf1 Bb7+ 37. Bg2 Bxg2+ 38. Kxg2 Nf4+ 39.
Kf3 Nd3 40. Nc6 a4 41. Ke4 Nxb2 42. Nd4 b4 43. axb4 Kf7 44. Nc2 Ke7 45. Kd4 Kd7
46. b5 Nd1 47. Kc4 Nf2 48. Ne3 Kc7 49. Kb4 a3 50. Kxa3 Kb6 51. Kb4 Nd3+ 52. Kc3
Ne1 53. Kc4 Nf3 54. h3 Nxe5+ 55. Kb4 Nd3+ 56. Kc4 Ne5+ 57. Kb4 Nd3+ 58. Kc4
Ne5+ 1/2-1/2

[Event "DVM U20 2009"]
[Site "Chemnitz GER"]
[Date "2009.12.28"]
[Round "3"]
[White "Schiffner, Kevin"]
[Black "Seifert, Christopher"]
[Result "1/2-1/2"]
[Termination "normal"]
[Board "4.3"]
[WhiteElo "1952"]
[BlackElo "2109"]
[WhiteTeam "SG Aufbau Elbe Magdeburg"]
[BlackTeam "Sfr.Neuberg"]
[PlyCount "117"]
[WhiteFideId "24674940"]
[BlackFideId "24615293"]
[EventCountry "GER"]
[EventRounds "7"]
[EventType "team-swiss"]
[EventDate "2009.12.26"]

1. d4 Nf6 2. c4 c5 3. Nf3 cxd4 4. Nxd4 g6 5. Nc3 Bg7 6. g3 O-O 7. Bg2 d6 8. O-O
Nbd7 9. Bg5 h6 10. Bxf6 Nxf6 11. Qb3 Qa5 12. e3 Qh5 13. Qb5 Rd8 14. Rac1 Bd7
15. Qxh5 Nxh5 16. b4 Nf6 17. a3 Rab8 18. Rfd1 Rdc8 19. Nce2 Bg4 20. Rd2 Bxe2
21. Rxe2 Nd7 22. Bh3 Rd8 23. Nb3 e6 24. Rd1 Ne5 25. Rc2 Kf8 26. Bg2 Ke7 27. Na5
b6 28. Nc6+ Nxc6 29. Bxc6 Rbc8 30. b5 f5 31. a4 g5 32. Ra2 Bc3 33. Kg2 Rg8 34.
Rd3 Bb4 35. Re2 e5 36. e4 f4 37. g4 h5 38. h3 hxg4 39. hxg4 Rh8 40. Rh3 Rxh3
41. Kxh3 a5 42. f3 Rh8+ 43. Kg2 Rh4 44. Rf2 Bc5 45. Rf1 Bb4 46. Rh1 Rxh1 47.
Kxh1 d5 48. Bxd5 Kd6 49. c5+ Kxc5 50. Kg2 Bc3 51. Bb3 Kd4 52. Kf1 Ke3 53. Bd1
Kd2 54. Bb3 Bd4 55. Bc4 Kc2 56. Be2 Bc5 57. Bc4 Kb2 58. Be2 Bb4 59. Bd1 1/2-1/2

[Event "DVM U20 2009"]
[Site "Chemnitz GER"]
[Date "2009.12.28"]
[Round "3"]
[White "Hummel, Dennis"]
[Black "Schulz, Marcel"]
[Result "1-0"]
[Termination "normal"]
[Board "4.4"]
[WhiteElo "2031"]
[BlackElo "1867"]
[WhiteTeam "Sfr.Neuberg"]
[BlackTeam "SG Aufbau Elbe Magdeburg"]
[PlyCount "63"]
[WhiteFideId "4638336"]
[BlackFideId "1270585"]
[EventCountry "GER"]
[EventRounds "7"]
[EventType "team-swiss"]
[EventDate "2009.12.26"]

1. e4 c5 2. Nc3 Nc6 3. g3 g6 4. Bg2 Bg7 5. f4 d6 6. Nf3 e5 7. d3 Nge7 8. O-O
Be6 9. Nh4 Qd7 10. Nd5 Bg4 11. Qe1 Nd4 12. Qf2 Nxd5 13. exd5 O-O 14. c3 Ne2+
15. Kh1 exf4 16. gxf4 Nxc1 17. Raxc1 Qb5 18. Qd2 Bf6 19. Nf3 Bf5 20. Rcd1 a5
21. Ng5 Ra6 22. Be4 Bg4 23. Bf3 Bd7 24. Rde1 Rb6 25. Re2 a4 26. a3 Qa6 27. Ne4
Bg7 28. Ree1 Bb5 29. Be2 Qa8 30. f5 Bd7 31. f6 Bh8 32. Qh6 1-0